Consideracions generals sobre l'ensenyança tècnica actual
Descripción Física:
66 f. : manuscrits
Materias:
Ensenyament tècnic
MARC
| LEADER | 00000nam a2200000Ia 4500 | ||
|---|---|---|---|
| 001 | |||
| 008 | 160829s9999 xx 000 0 cat d | ||
| 080 | |a 2283, exp. 10 | ||
| 245 | |a Consideracions generals sobre l'ensenyança tècnica actual | ||
| 300 | |a 66 f. : |b manuscrits | ||
| 650 | |a Ensenyament tècnic |9 26880 | ||
| 901 | |a Arxiu | ||
| 942 | |n 1 | ||
| 952 | |0 0 |1 0 |4 0 |6 2283_EXP_10 |7 1 |9 54377 |a Arxiu |b Arxiu |d 2016-12-01 |l 0 |o 2283, exp. 10 |r 2016-12-01 00:00:00 |w 2016-12-01 |y ARXIU | ||
| 999 | |c 58246 |d 58246 | ||